00653nam a2200181 a 450000100100000000500170001000800410002702000150006804000250008310000240010824500920013226000400022430000340026450000210029850400300031995201050034999900170045400004306820201002040619.0140218s2003 xxua 001 0 spa d a0767911725 aDO-SdBNPbspacBNPHU1 aSacks, David97059310aLanguage Visible. :bunraveling the mystery of the alphabet from a to z /cDavid Sacks. aNew York, :bBroadway Books,c2003. axiii, 395 p. :bil. ;c21 cm. aIncluye índice aBibliografía p: 369-375 001050718MOaGRbGRcCTd2014-02-18iLF1l0o p43068-10r2020-06-25w2020-06-25y1ZNo se presta c42557d42557